<?xml version="1.0" encoding="UTF-8"?>
<record
    xmlns:xsi="http://www.w3.org/2001/XMLSchema-instance"
    xsi:schemaLocation="http://www.loc.gov/MARC21/slim http://www.loc.gov/standards/marcxml/schema/MARC21slim.xsd"
    xmlns="http://www.loc.gov/MARC21/slim">

  <leader>01012nam a22002297a 4500</leader>
  <controlfield tag="003">OSt</controlfield>
  <controlfield tag="005">20130524124219.0</controlfield>
  <controlfield tag="008">130524s2007    sp ||||| |||| 00| 0 sp  d</controlfield>
  <datafield tag="020" ind1=" " ind2=" ">
    <subfield code="a">9788497842457</subfield>
  </datafield>
  <datafield tag="040" ind1=" " ind2=" ">
    <subfield code="c">CDMR</subfield>
  </datafield>
  <datafield tag="245" ind1="0" ind2="0">
    <subfield code="a">Alternativas a la televisi&#xF3;n actual</subfield>
    <subfield code="c">Jos&#xE9; Manuel P&#xE9;rez Tornero ... [et al.]</subfield>
  </datafield>
  <datafield tag="260" ind1=" " ind2=" ">
    <subfield code="a">Barcelona</subfield>
    <subfield code="b">Gedisa</subfield>
  </datafield>
  <datafield tag="260" ind1=" " ind2=" ">
    <subfield code="b">Fundaci&#xF3;n Alternativas</subfield>
    <subfield code="c">2007</subfield>
  </datafield>
  <datafield tag="300" ind1=" " ind2=" ">
    <subfield code="a">303 p.</subfield>
  </datafield>
  <datafield tag="490" ind1="0" ind2=" ">
    <subfield code="a">Comunicaci&#xF3;n.txt</subfield>
  </datafield>
  <datafield tag="500" ind1=" " ind2=" ">
    <subfield code="a">Cont&#xE9;: La televisi&#xF3;n educativo-cultural en Espa&#xF1;a: bases para un cambio de modelo / Jos&#xE9; Manuel P&#xE9;rez Tornero ; Publicidad e infancia / Purificaci&#xF3;n Llanquet ... [et al.] ; El Consejo Estatal de Medios Audiovisuales / &#xC1;ngel Garc&#xED;a Castillejo ; La televisi&#xF3;n local : entre el limbo regulatorio y la esperanza digital / Emili Prado</subfield>
  </datafield>
  <datafield tag="650" ind1="0" ind2="4">
    <subfield code="9">2782</subfield>
    <subfield code="a">Televisi&#xF3; en l'ensenyament</subfield>
  </datafield>
  <datafield tag="650" ind1="0" ind2="4">
    <subfield code="9">166</subfield>
    <subfield code="a">Publicitat</subfield>
    <subfield code="x">Aspectes &#xE8;tics i morals</subfield>
  </datafield>
  <datafield tag="650" ind1="0" ind2="4">
    <subfield code="9">3089</subfield>
    <subfield code="a">Televisi&#xF3; local</subfield>
  </datafield>
  <datafield tag="700" ind1="1" ind2=" ">
    <subfield code="9">1759</subfield>
    <subfield code="a">P&#xE9;rez Tornero, Jos&#xE9; Manuel</subfield>
  </datafield>
  <datafield tag="942" ind1=" " ind2=" ">
    <subfield code="2">udc</subfield>
    <subfield code="c">MON</subfield>
  </datafield>
  <datafield tag="999" ind1=" " ind2=" ">
    <subfield code="c">6318</subfield>
    <subfield code="d">6318</subfield>
  </datafield>
  <datafield tag="952" ind1=" " ind2=" ">
    <subfield code="0">0</subfield>
    <subfield code="1">0</subfield>
    <subfield code="4">0</subfield>
    <subfield code="7">0</subfield>
    <subfield code="a">CDMR</subfield>
    <subfield code="b">CDMR</subfield>
    <subfield code="d">2013-01-16</subfield>
    <subfield code="l">1</subfield>
    <subfield code="m">1</subfield>
    <subfield code="o">Fy 4/3</subfield>
    <subfield code="p">CDMR13056515E</subfield>
    <subfield code="r">2015-12-21</subfield>
    <subfield code="s">2015-12-16</subfield>
    <subfield code="w">2013-05-24</subfield>
    <subfield code="y">MON</subfield>
  </datafield>
</record>
